000 01048nam a2200277 i 4500
003 EG-GICUC
005 20260209132625.0
008 260209s2000 fr ||||fr ||| 00| 0 fre d
040 _aEG-GICUC
_cEG-GICUC
_dEG-GICUC
_erda
_bfre
082 0 4 _221
_a341.79
_bTR . S
092 0 4 _221
099 _aLaw1 11 341.79 TR . S 2000
110 _aTravaux du Centre de recherche sur le droit des marchés et des investissements internationaux
_eAuteur
245 _aSouveraineté Étatique Et Marchés Internationaux À La Fin Du 20ème Siècle :
_bMélanges en l’honneur de Philippe Kahn .
_hVolume 20 /
_cCREDIMI .
264 0 _aParis :
_bUniversité de Bourgogne ,
_c2000 .
300 _a728 Pages;
_c30 cm.
336 _atext
_2rda content
337 _aComputer
_2rda media
338 _aOnline Resource
_2rda carrier
546 _aTexte en français
650 0 4 _aDroit international public
650 0 4 _aDroit Commercial International
856 _uhttps://fll.law.cu.edu.eg/fulltext/th/B11-07324.pdf
905 _a59
942 _2ddc
_cBK
_e21
_n0
999 _c61820
_d61820